000 00330pab a2200145 454500
008 180718b1998 xxu||||| |||| 00| 0 eng d
100 _aSingh, Ajay
245 _aSelf-reliance in Indian defence
260 _c1998
300 _ap.339-49
362 _aJun
650 _aDefence
773 _aStrategic Analysis
909 _a37884
999 _c37884
_d37884